zpět

Detail výsledku týmu

Spirit Bar - Žižkov, Praha

Datum a čas kvízu

33.5 Celkem bodů Celkový počet nahraných bodů na tomto kvízu bez doplňovacích otázek.
6. Pořadí na kvízu Konečné umístění týmu na tomto kvízu.

Zaznamenané odpovědi

# Otázka Odpověď Body Výsledky
1. V České republice je aktuálně... Olomouc 0
2. Kalifornie je nejlidnatější st... nesmí vlastnit automobil 0
3. Jedna hudební kapela způsobila... Måneskin 0
4. Minulý týden jsme očekávali st... Artemis 1
5. Česká basketbalová reprezentac... Polsko, Srbsko 0.5
6. V následujících otázkách se bu... (svatý) Vojtěch, benediktíni 1
7. Klášter a zříceninu kláštera,... Porta coeli, Rosa coeli 0
8. Nyní si připomeneme klášterní... novic, převor 1
9. Na obrázku vidíme jeden z kláš... Řecko 1
10. Která známá osobnost byla v le... Johann Gregor Mendel 0